Etnická a religiózna mozaika Indonézie

Stručný pohľad na historický vývoj Indonézie. Smerovanie krajiny do budúcnosti a idea jednotnej Indonézie. Multietnicita Indonézie. Ohniská konfliktov v Indonézii.

Uložené v:
Podrobná bibliografia
Hlavný autor: Krupa, Viktor
Médium: Kapitola
Jazyk:Slovak
Predmet:
Tagy: Pridať tag
Žiadne tagy, Buďte prvý, kto otaguje tento záznam!

MARC

LEADER 00000naa$a2200000$$$4500
001 0002052
005 20230922121006.6
041 0 |a slo 
044 |a SK 
245 1 0 |a Etnická a religiózna mozaika Indonézie  |c aut. Viktor Krupa 
520 |a Stručný pohľad na historický vývoj Indonézie. Smerovanie krajiny do budúcnosti a idea jednotnej Indonézie. Multietnicita Indonézie. Ohniská konfliktov v Indonézii. 
610 2 0 |a Indonézia 
610 2 0 |a vývoj hospodársky 
610 2 0 |a história 
610 2 0 |a obyvateľstvo 
610 2 0 |a menšiny národnostné 
610 2 0 |a konflikty medzinárodné 
610 2 0 |a politika hospodárska medzinárodná 
100 1 |a Krupa, Viktor